00425nam a22001217a 450000500170000000800410001704100080005808200080006610000560007424501240013026000420025430000070029620250331174228.0250331b |||||||| |||| 00| 0 eng d aENG bKOD aKodre Sanjana- 2K231039 & Dr. Sonali Parchure-Guide aA Comparative Fundamental Analysis of Selected Securities of Indian Stock Market for Asset Villa Financial Services LLP aPune bSPPUcDecember 2024 a71